El grabado en madera / (Record no. 26321)

MARC details
000 -CABECERA
campo de control de longitud fija 00597nam a2200193 a 4500
005 - FECHA Y HORA DE LA ÚLTIMA TRANSACCIÓN
campo de control 20210223121928.0
008 - ELEMENTOS DE LONGITUD FIJA--INFORMACIÓN GENERAL
campo de control de longitud fija 991125s1967 mx 000 0 spa u
035 ## - NÚMERO DE CONTROL DEL SISTEMA
Número de control de sistema UPN01000026321
049 ## - COLECCIÓN
Colección CG
050 #4 - SIGNATURA TOPOGRÁFICA DE LA BIBLIOTECA DEL CONGRESO
Número de clasificación NE1030
Número de documento/Ítem W4.38 1967
100 1# - ASIENTO PRINCIPAL--NOMBRE PERSONAL
Nombre de persona Westheim, Paul,
Fechas asociadas al nombre 1886-1963
9 (RLIN) 32408
245 13 - MENCIÓN DE TÍTULO
Título El grabado en madera /
Mención de responsabilidad, etc. por Paul Westheim ; tr. Mariana Frenk.
260 ## - PUBLICACIÓN, DISTRIBUCIÓN, ETC.
Lugar de publicación, distribución, etc. México :
Nombre del editor, distribuidor, etc. FCE,
Fecha de publicación, distribución, etc. 1967.
300 ## - DESCRIPCIÓN FÍSICA
Extensión 298 p. :
Otras características físicas il.
440 #0 - MENCIÓN DE SERIE/ASIENTO SECUNDARIO--TÍTULO
Título Breviarios del Fondo de Cultura Económica ;
Designación de volumen o secuencia 95
650 #4 - ASIENTO SECUNDARIO DE MATERIA - TERMINO TEMATICO
Término de materia o nombre geográfico como elemento de entrada GRABADO EN MADERA -
Subdivisión general HISTORIA
650 #4 - ASIENTO SECUNDARIO DE MATERIA - TERMINO TEMATICO
Término de materia o nombre geográfico como elemento de entrada GRABADO EN MADERA -
Subdivisión geográfica MEXICO
905 ## - TIPO DE MATERIAL
Tipo de material Libro
Holdings
Estado de retiro Estado de pérdida Fuente del sistema de clasificación o colocación Estado dañado No para préstamo Código de colección Localización permanente Ubicación/localización actual Ubicación en estantería Total de préstamos Clasificación Código de barras Fecha visto por última vez Número de copia Tipo de ítem Koha
    Library of Congress Classification     Colección General Bib. Gregorio Torres Quintero Bib. Gregorio Torres Quintero Planta baja 3 NE1030 W4.38 1967 3576 31/12/2020 1 Libro